Effective vs. efficient computing /
Guardado en:
| Autores Corporativos: | , |
|---|---|
| Otros Autores: | |
| Formato: | Libro |
| Idioma: | English |
| Publicado: |
Englewood Cliffs, N.J. :
Prentice-Hall,
c1973.
|
| Etiquetas: |
Agregar Etiqueta
Sin Etiquetas, Sea el primero en etiquetar este registro!
|
| LEADER | 00934cam a22002175 4500 | ||
|---|---|---|---|
| 001 | MAT.inmabb002127 | ||
| 008 | 730322s1973####nju######b####100#0#eng#d | ||
| 005 | 20170607143912.0 | ||
| 245 | 0 | 0 | |a Effective vs. efficient computing / |c edited by Fred Gruenberger ; produced by Informatics Inc. |
| 260 | |a Englewood Cliffs, N.J. : |b Prentice-Hall, |c c1973. | ||
| 300 | |a vi, 153 p. ; |c 24 cm. | ||
| 500 | |a Proceedings of the 9th annual symposium sponsored by Informatics Inc.; co-sponsored by the University of California at Los Angeles and held on the Westwood Campus, March 22-24, 1972. | ||
| 504 | |a Incluye referencias bibliográficas. | ||
| 020 | |a 0132467933 | ||
| 700 | 1 | |a Gruenberger, Fred Joseph, |d 1918- |4 edt | |
| 710 | 2 | |a Informatics Inc. | |
| 710 | 2 | |a University of California, Los Angeles. | |
| 246 | 3 | |a Effective versus efficient computing | |
| 084 | |a 68-XX |2 msc2000 | ||
| 010 | |a 73004841 | ||
| 859 | |h 68 |i Ef27 |p A-3780 |b BIB. MATEMATICA | ||
